000
00287nam a22001337a 4500
041
_a
ENG
100
_a
Sedov.L.I
245
_a
Simlarity And Dimensional Methods In Mechanics
250
_a
10 Th Ed
260
_a
Delhi
_b
CRC Press
_c
2010
300
_a
479
650
_a
FS
856
_u
FS
999
_c
830
_d
830